00329nam a2200121Ia 4500008004100000041000800041082001700049100001900066245004500085260003700130300003100167365000900198240624s9999 xx 000 0 und d aeng a658.4022 WES aWEST MICHAEL A aINTERNATIONAL HANDBOOK OF ORGANIZATIONAL c2003aEnglandbJong Wiley & Sons axix, : 636 : p. : cm. ; 25 cb28